Catálogo

Auditoría forense : (Registro nro. 45182)

Detalles MARC
000 -LEADER
fixed length control field 01169cam a2200337 c 4500
001 - CONTROL NUMBER
control field 45182
003 - CONTROL NUMBER IDENTIFIER
control field Mx-PuUPA
005 - DATE AND TIME OF LATEST TRANSACTION
control field 20240607143115.0
008 - FIXED-LENGTH DATA ELEMENTS--GENERAL INFORMATION
fixed length control field 140415s2022 ck ad gr 000 0 spa d
020 ## - INTERNATIONAL STANDARD BOOK NUMBER
International Standard Book Number 9789587923681
040 ## - CATALOGING SOURCE
Transcribing agency Mx-PuUPA
Original cataloging agency Mx-PuUPA
Language of cataloging spa
Modifying agency Mx-PuUPA
Description conventions rda
041 0# - LANGUAGE CODE
Language code of text/sound track or separate title eng
100 1# - MAIN ENTRY--PERSONAL NAME
Personal name Moreno Mahecha, Luz Eneida,
9 (RLIN) 15619
Relator term autor
245 10 - TITLE STATEMENT
Title Auditoría forense :
Remainder of title una guía práctica para la excelencia en la ciencia, auditoría e informática forense /
Statement of responsibility, etc. Luz Eneida Moreno Mahecha
250 ## - EDITION STATEMENT
Edition statement Primera edición
264 #1 - PRODUCTION, PUBLICATION, DISTRIBUTION, MANUFACTURE, AND COPYRIGHT NOTICE
Place of production, publication, distribution, manufacture Bogotá, Colombia :
Name of producer, publisher, distributor, manufacturer Ediciones de la U,
Date of production, publication, distribution, manufacture, or copyright notice 2022
300 ## - PHYSICAL DESCRIPTION
Extent 265 páginas :
Other physical details ilustraciones, diagramas ;
Dimensions 24 cm
336 ## - CONTENT TYPE
Fuente rdacontent
Content type term texto
Content type code txt
336 ## - CONTENT TYPE
Fuente rdacontent
Content type term imagen fija
Content type code sti
337 ## - MEDIA TYPE
Source rdamedia
Media type term sin medio
Media type code n
338 ## - CARRIER TYPE
Source rdacarrier
Carrier type term volumen
Carrier type code nc
490 0# - SERIES STATEMENT
Series statement Auditoría
650 #7 - SUBJECT ADDED ENTRY--TOPICAL TERM
Source of heading or term armarc
Topical term or geographic name entry element Auditoría
650 #7 - SUBJECT ADDED ENTRY--TOPICAL TERM
Source of heading or term armarc
Topical term or geographic name entry element Investigación
650 #7 - SUBJECT ADDED ENTRY--TOPICAL TERM
Source of heading or term armarc
Topical term or geographic name entry element Auditoría forense
650 #7 - SUBJECT ADDED ENTRY--TOPICAL TERM
Source of heading or term armarc
Topical term or geographic name entry element Cibercrimen
650 #7 - SUBJECT ADDED ENTRY--TOPICAL TERM
Source of heading or term armarc
Topical term or geographic name entry element Lavado de dinero
942 ## - ADDED ENTRY ELEMENTS (KOHA)
Source of classification or shelving scheme Dewey Decimal Classification
Koha item type Libro
Classification part 363.25963
Item part M827
Existencias
Withdrawn status Lost status Source of classification or shelving scheme Damaged status Not for loan Collection code Home library Current library Shelving location Date acquired Total Checkouts Full call number Barcode Date last seen Price effective from Koha item type Copy number
    Dewey Decimal Classification     General Tehuacán Tehuacán Sala general 07/06/2024   363.25963 M827 2022 968000002309 08/01/2025 07/06/2024 Libro  
    Dewey Decimal Classification     General Tehuacán Tehuacán Sala general 07/06/2024   363.25963 M827 2022 968000002310 08/01/2025 07/06/2024 Libro Ej.2
    Dewey Decimal Classification     General Tehuacán Tehuacán Sala general 07/06/2024   363.25963 M827 2022 968000002311 08/01/2025 07/06/2024 Libro Ej.3